| 000 | 00349 a2200133 4500 | ||
|---|---|---|---|
| 003 | Nust | ||
| 005 | 20170207154652.0 | ||
| 040 | _cNust | ||
| 082 | _a799 | ||
| 245 |
_aEDP-26 (GP Photo) (Misc Photographs) _cMCS |
||
| 260 |
_aRawalpindi _bMCS |
||
| 650 | _aPictures of EDP-26 (GP Photo) in MCS (Misc Photographs) (Soft Copy) CD-21 | ||
| 651 | _aSweet Memories -MCS | ||
| 942 | _cBK | ||
| 999 |
_c199312 _d199312 |
||